Регионална библиотека "Любен Каравелов" - Русе

Ловец на призраци (Запис номер 387838)

MARC детайли
000 -Лидер
Контролно поле с фиксирана дължина 01220nam a2200289 a 4500
003 - Код на организацията, давaща контролен номер
Контролно поле BLK
005 - Дата и час на последна редакция
Контролно поле 20250428174341.0
008 - Елементи от данни с фиксирана дължина
fixed length control field 200916b bu |||||r|||| 00| | bu d
020 ## - Международен стандартен номер на книга ISBN
Международен стандартен номер на книга ISBN 9786191994410
020 ## - Международен стандартен номер на книга ISBN
Международен стандартен номер на книга ISBN 3800083826156
040 ## - Източник на каталожния запис
Идентификатор на билиотеката - собственик на записа BLK
041 ## - Код за език
Код за езика на текст/звукозапис или на отделно заглавие Български
Код за езика КДБФ Български
080 ## - УДК
Текстов определител УДК Италианска литература
УДК код - определител по УДК 821.131.1
УДК - код + определител 821.131.1-93-312.9
100 1# - Редна дума - Автор
Автор Бакаларио, Пиердоменико
R(LIN) 35513
139 ## - Редно поле
Редна дума Бакаларио, Пиердоменико
Авторски знак Бак - Б 16
245 ## - Сведения за заглавието
Заглавие Ловец на призраци
Редно поле (дума) Пиердоменико Бакаларио ; ил. Матео Пиана ; прев. Нели Раданова
260 ## - Област на издателските данни
Място на издаване, разпространение и проч. София
Име на издателя, разпространителя и проч. Фют
Година на издаване 2019
9 (RLIN) 209475
300 ## - Физическа характеристика
Страници 144 с.
Размери/Мащаб 21 см
380 ## - Жанр
Жанр Детска худож. лит.
500 ## - Общи забележки
Забележка Ориг. загл.: Will Moogley. Agenzia Fantasmi. Anche i fantasmi tremano / Pierdomenico Baccalario<br/>Кн. 4 от поредицата Агенция "Призраци"
700 ## - Други автори (авторска отговорност)
9 (RLIN) 391506
Лично име Пиана, Матео
700 ## - Други автори (авторска отговорност)
9 (RLIN) 384719
Лично име Раданова, Нели Николова
852 ## - Местоположение
Форматна сигнатура Цб 303821
Фондова буква Хранилище
852 ## - Местоположение
Фондова буква Детски отдел
Систематично-азбучна сигнатура 821-93/Б 16 П
942 ## - АРТИКУЛИ
Вид на библиотечния материал Книги
Скрит в OPAC Не
Периодичен библиозапис Да
Koha issues (borrowed), all copies 2
944 ## - СЪЗДАВАНЕ И РЕДАКЦИЯ на ЗАПИСА
Създаване/Редакция Редакция
Дата на регистрацията/редакция 2020-10-06
Служител, извършил регистрацията/редакцията 30549
Статус, дата на статуса Вася Ганчева
999 ## - СИСТЕМНИ КОНТРОЛНИ НОМЕРА
Koha biblionumber 387838
Koha biblioitemnumber 387838
Наличности
Код за отписване Код за изгубен артикул Източник на класификационната схема Код за повреда Код за отдаване Артикулен № Име на библиотеката - собственик Име на библиотеката, в която се намира в момента Статус (Текущо местоположение) Дата на вписване в системата Местоположение - отдел Цена в лева Инвентарен номер Систематично азбучна сигнатура Баркод Цена в евро Служебен тип на артикула
  Не е изгубен Universal Decimal Classification Не е повреден ползва се в читалня 802659 Регионална библиотека "Любен Каравелов" Русе Регионална библиотека "Любен Каравелов" Русе Хранилище 2020-10-06 Хранилище 8.99 848595 Цб 303821 120000848595 4.60 Книги
  Не е изгубен Universal Decimal Classification Не е повреден заемане за дома 959808 Регионална библиотека "Любен Каравелов" Русе Регионална библиотека "Любен Каравелов" Русе Детски отдел 2025-01-29 Детски отдел 6.11 120000917418 821-93/Б 16 П 120000917418 3.12 Книги
  Не е изгубен Universal Decimal Classification Не е повреден заемане за дома 959809 Регионална библиотека "Любен Каравелов" Русе Регионална библиотека "Любен Каравелов" Русе Детски отдел 2025-01-29 Детски отдел 6.11 120000917417 821-93/Б 16 П 120000917417 3.12 Книги
Vip Innovations Ltd, Rousse, Bulgaria 2025